000 00510nam a2200181Ia 4500
008 230917s9999||||xx |||||||||||||| ||und||
020 _cUSD 178.50 (RS 13291.11)
040 _e5009759
_aMAIN
041 _aEnglish
082 _a576 S54M(5)
100 _aSlonczewski, Joan L
245 0 _aMicrobiology: An evolving science
250 _a5th ed.
260 _aNew York
_bW W Norton and Company
_c2020
300 _axxxvi, 1202 p.
500 _a4155 22/10/2021 HBD22/8959 12/11/2021 Main Budget
942 _cBK
999 _c3120
_d3120